| 000 | 02536cam a22004694i 4500 | ||
|---|---|---|---|
| 003 | PE-LiUPU | ||
| 005 | 20250731173347.0 | ||
| 008 | 150706s r 000 0 d | ||
| 020 | _a9780802864109 | ||
| 035 | _a(Sirsi) i9780802864109 | ||
| 040 |
_aPE-LiUPU _bspa _cPE-LiUPU _erda |
||
| 049 | _aPRUA | ||
| 082 | 0 | 4 |
_a220.601 _bT47 _221 |
| 100 | 1 |
_aThiselton, Anthony C., _eautor. |
|
| 245 | 1 | 0 |
_aHermeneutics : _ban introduction / _cAnthony C. Thiselton. |
| 264 | 1 |
_aGrand Rapids, Mich. : _bW.B. Eerdmans Pub. Co., _c2009. |
|
| 300 |
_a409 páginas ; _c23 centímetros |
||
| 336 |
_atext _2rdacontent |
||
| 337 |
_aunmediated _2rdamedia |
||
| 338 |
_avolume _2rdacarrier |
||
| 504 | _aIncluye bibliografía. | ||
| 505 | 0 | _aThe Aims and Scope of Hermeneutics -- Hermeneutics in the Contexts of Philosophy, biblical Studies, Literary Theory, and the Social Self -- An Example of Hermeneutical Methods: The Parables of Jesus -- A Legacy of Perennial Questions from the Ancient World: Judaism and the Ancient Greeks -- The New Testament and the Second Century -- From the Third to the Thirteenth Centuries -- Reform, the Enlightenment, and the Rise of Biblical Criticism -- Schleiermacher and Dilthey -- Rudolf Bultmann and Demythologizing the New Testament -- Some Mid-Twentieth-Century Approaches: Barth, the New Hermeneutic, Structuralism, Post-Structuralism, and Barr's Semantics -- Hans-Georg Gadamer's Hermeneutics: The Second Turning Point -- The Hermeneutics of Paul Ricoeur -- The Hermeneutics of Liberation Theologies and Postcolonial Hermeneutics -- Feminist and Womanist Hermeneutics -- Reader-Response and Reception Theory -- Postmodernism and Hermeneutics -- Some Concluding Comments. | |
| 526 | _aSEG42 | ||
| 526 | _aSEG41 | ||
| 526 | _aSEG40 | ||
| 526 | _aSEG39 | ||
| 526 | _aP94 | ||
| 526 | _aP87 | ||
| 526 | _aP86 | ||
| 526 | _aP85 | ||
| 526 | _aP77 | ||
| 526 | _aP76 | ||
| 526 | _aP35 | ||
| 541 | _g800-253-7521; | ||
| 630 | _aHermenéutica bíblica. | ||
| 910 |
_agl _bjv _clch _d20100107 |
||
| 942 |
_2ddc _cBOOK |
||
| 949 |
_a220.601 T47 _wDEWEY _c1 _i60883 _lCCODEBUL1 _mBUL _p30.00 _r0 _sY _tBOOK _u2015-7-6 _xTEOLOGIA _zUNKNOWN _0COMPRA _o.STAFF. Colección General |
||
| 994 |
_aC0 _bPEPRU |
||
| 596 | _a1 | ||
| 999 |
_a220.601 T47 _wDEWEY _c50243 _i60883 _d50243 _e2019-5-14 _f2021-11-9 _g5 _lCCODEBUL1 _mBUL _n1 _p30.00 _q4 _r0 _sY _tBOOK _u2015-7-6 _xTEOLOGIA _zUNKNOWN _0COMPRA _o.STAFF. Colección General |
||
| 980 |
_81 _gALBERTO SANCHEZ Responsable de Automatización |
||